MARC

LEADER 00000nam0a2200000 4500
001 336466
005 20231102004845.0
035 |a (RuTPU)RU\TPU\book\362882 
090 |a 336466 
100 |a 20171016d1964 km y0rusy50 ca 
101 0 |a rus 
102 |a RU 
105 |a a z 001zy 
200 1 |a Геохимия и минералогия селена и теллура в медно-никелевых месторождениях  |f О. Е. Юшко-Захарова  |g Академия наук СССР (АН СССР), Институт минералогии, геохимии и кристаллохимии редких элементов (ИМГРЭ) 
210 |a Москва  |c Наука  |d 1964 
215 |a 112 с.  |c ил. 
320 |a Библиогр.: с. 109-111 
606 1 |a Медно-никелевые месторождения  |x Минералогия  |2 stltpush  |3 (RuTPU)RU\TPU\subj\41821  |9 61598 
606 1 |a Селен  |x Геохимия  |2 stltpush  |3 (RuTPU)RU\TPU\subj\54423  |9 72580 
610 1 |a медно-никелевые руды 
610 1 |a геологическая характеристика 
610 1 |a теллур 
610 1 |a распределение 
610 1 |a рудообразующие минералы 
610 1 |a парагенетические минеральные ассоциации 
610 1 |a рудообразование 
675 |a 553.4  |v 4 
675 |a 550.42:546.2  |v 4 
700 1 |a Юшко-Захарова  |b О. Е.  |g Оксана Евгеньевна 
712 0 2 |a Академия наук СССР (АН СССР)  |b Институт минералогии, геохимии и кристаллохимии редких элементов (ИМГРЭ)  |c (Москва)  |2 stltpush  |3 (RuTPU)RU\TPU\col\10887 
801 1 |a RU  |b 63413507  |c 20171016 
801 2 |a RU  |b 63413507  |c 20201116  |g RCR 
942 |c BK